<?xml version="1.0" encoding="UTF-8"?><?xml-stylesheet type="text/xsl" href="static/style.xsl"?><OAI-PMH xmlns="http://www.openarchives.org/OAI/2.0/" xmlns:xsi="http://www.w3.org/2001/XMLSchema-instance" xsi:schemaLocation="http://www.openarchives.org/OAI/2.0/ http://www.openarchives.org/OAI/2.0/OAI-PMH.xsd"><responseDate>2026-06-01T15:38:06Z</responseDate><request verb="GetRecord" identifier="oai:riuma.uma.es:10630/10884" metadataPrefix="marc">https://riuma.uma.es/rest/oai/request</request><GetRecord><record><header><identifier>oai:riuma.uma.es:10630/10884</identifier><datestamp>2026-02-03T12:32:12Z</datestamp><setSpec>com_10630_2254</setSpec><setSpec>col_10630_37959</setSpec></header><metadata><record xmlns="http://www.loc.gov/MARC21/slim" xmlns:dcterms="http://purl.org/dc/terms/" xmlns:doc="http://www.lyncode.com/xoai" xmlns:xsi="http://www.w3.org/2001/XMLSchema-instance" xsi:schemaLocation="http://www.loc.gov/MARC21/slim http://www.loc.gov/standards/marcxml/schema/MARC21slim.xsd">
   <leader>00925njm 22002777a 4500</leader>
   <datafield ind2=" " ind1=" " tag="042">
      <subfield code="a">dc</subfield>
   </datafield>
   <datafield ind2=" " ind1=" " tag="720">
      <subfield code="a">Souvirón-Morenilla, José María</subfield>
      <subfield code="e">author</subfield>
   </datafield>
   <datafield ind2=" " ind1=" " tag="260">
      <subfield code="c">2016-01-15</subfield>
   </datafield>
   <datafield ind2=" " ind1=" " tag="520">
      <subfield code="a">La preocupación por el ambiente, en sí mismo considerado y en su relación con el ser&#xd;
humano, son un fenómeno característico de nuestro tiempo. Sobre este soporte&#xd;
científico y la paralela reflexión ética, el ambiente se ha incorporado de modo&#xd;
progresivo también al campo del Derecho y la protección del ambiente se ha&#xd;
convertido en un título legitimador de la intervención de los poderes públicos&#xd;
decididamente expansivo.Dado el riesgo global que el problema ambiental hoy suscita, no me parece exagerado&#xd;
calificar nuestros días como uno de esos momentos de posible cambio histórico. Desde&#xd;
la ética ecológica se nos avisa de “la situación crítica del planeta en el momento&#xd;
presente” (F. TORRALBA) o de que “están en juego las condiciones globales de la vida&#xd;
humana y la existencia de la especie, se exige una concepción nueva de los derechos y&#xd;
deberes” (H. JONAS). Pues bien, ante tales circunstancias parece está justificado que&#xd;
determinados valores –nuevos o redescubiertos- conexos a la ecología y al ambiente,&#xd;
además de profundizados y vividos, puedan incorporarse al Derecho ambiental como&#xd;
ejes legitimadores de éste.</subfield>
   </datafield>
   <datafield ind1="8" ind2=" " tag="024">
      <subfield code="a">http://hdl.handle.net/10630/10884</subfield>
   </datafield>
   <datafield ind1="8" ind2=" " tag="024">
      <subfield code="a">http://orcid.org/0000-0002-8453-6552</subfield>
   </datafield>
   <datafield tag="653" ind2=" " ind1=" ">
      <subfield code="a">Derecho ambiental</subfield>
   </datafield>
   <datafield ind2="0" ind1="0" tag="245">
      <subfield code="a">Sobre las bases prejurídicas del derecho ambiental</subfield>
   </datafield>
</record>
</metadata></record></GetRecord></OAI-PMH>